00597 a2200181 4500003000400000005001700004008004100021020001800062040000900080082001900089100002900108245004100137260003900178300000800217942004400225952012900269999001700398OSt20231223150938.0231223b |||||||| |||| 00| 0 eng d a9789350729366 coclc a891.431bYAS/A aYashwant, Loknath910211 aAAKHIR KYA HUA /cLoknath Yashwant,  aNew Delhi:bVani Prakashan,c2015. a75p 2ddccBKh891.431iYAS/Ak891.431mYAS/A 00102ddc40708POEaMESbMEScHINd2023-12-23l0o891.431 YAS/Ap43193r2023-12-23 15:10:24v175.00w2023-12-23yBKzGR6R5 c43559d43559